|
|
|
|
| LEADER |
00000cas a2200000 a 4500 |
| 001 |
vtls010648218 |
| 003 |
SK-MaSNL |
| 005 |
20260228161953.0 |
| 008 |
150120d20142015xo fr p 001 b0slo c |
| 022 |
|
|
|a 1339-6846
|
| 040 |
|
|
|a SVKPO
|b slo
|c SVKPO
|d SVKBB
|d SNK
|e AACR2
|
| 041 |
0 |
|
|a slo
|
| 044 |
|
|
|a xo
|c SK
|
| 072 |
|
7 |
|a 612
|x Fyziológia človeka a porovnávacia fyziológia
|2 konspekt
|
| 080 |
|
|
|a 616-053.2
|2 2001
|
| 080 |
|
|
|a 612.648-053.32
|2 2001
|
| 210 |
0 |
|
|a Predčasne narodené dieťa pediatra
|
| 222 |
|
0 |
|a Predčasne narodené dieťa u pediatra
|
| 245 |
0 |
0 |
|a Predčasne narodené dieťa u pediatra
|b magazín o predčasne narodených deťoch v ambulancii pediatra
|
| 260 |
|
|
|a Bratislava
|b Snowball Communications
|c 2014-2015
|
| 300 |
|
|
|a 2 zv.
|c 30 cm
|
| 310 |
|
|
|a 2x ročne
|
| 362 |
0 |
|
|a Č. 1 (júl 2014)-č. 2 (2015)
|
| 500 |
|
|
|a Evidenčné číslo: EV 5126/15
|
| 650 |
0 |
7 |
|a pediatria
|2 SNKPH
|9 912
|
| 650 |
0 |
7 |
|a nedonosené deti
|2 SNKPH
|9 85279
|
| 852 |
|
|
|a Štátna vedecká knižnica v Banskej Bystrici
|
| 910 |
|
|
|a snk
|
| 999 |
|
|
|c 6284
|d 8214
|
| 952 |
|
|
|0 0
|1 0
|4 0
|7 0
|8 0
|a SNK
|b SNK
|d 2018-07-27
|i snk2018/16071
|l 0
|o snkČSB 6733/2015 D1
|p 17A1327626
|r 2026-02-21 19:30:57
|t č. 1-2
|w 2026-02-21
|y PREZ
|
| 952 |
|
|
|0 0
|1 0
|4 0
|7 0
|8 0
|a SNK
|b SNK
|d 2018-07-27
|i snk2018/16067
|l 0
|o snkČSB 6733/2014
|p 17A1327623
|r 2026-02-21 22:19:54
|t č. júl-nov.
|w 2026-02-21
|y PREZ
|
| 952 |
|
|
|0 0
|1 0
|4 0
|7 0
|8 0
|a SNK
|b SNK
|d 2018-07-27
|i snk2018/16068
|l 0
|o snkČSB 6733/2014 D1
|p 17A1327624
|r 2026-02-21 22:19:54
|t č. júl-nov.
|w 2026-02-21
|y PREZ
|
| 952 |
|
|
|0 0
|1 0
|4 0
|7 0
|8 0
|a SNK
|b SNK
|d 2018-07-27
|i snk2018/16070
|l 0
|o snkČSB 6733/2015
|p 17A1327625
|r 2026-02-21 22:19:54
|t č. 1-2
|w 2026-02-21
|y PREZ
|